00400nam a22001337a 4500003000500000038001800005082000800023100001600031245007200047264003200119650002000151700003700171856005800208NUST aNusrat Nadeem a200 aAhmed Saad  aBranding of N-type Bifacial Solar Modules in Pakistan /cSaad Ahmed aIslamabad.bNBS NUSTc2023. aExecutive MBA  aSupervisor: Dr. Khan Burhan Khan u http://10.250.8.41:8080/xmlui/handle/123456789/51421